书目信息 |
| 题名: |
翻译美学导论
|
|
| 作者: | 刘宓庆 著 | |
| 分册: | ||
| 出版信息: | 北京 中国对外翻译出版公司 2005 |
|
| 页数: | 25,371页 | |
| 开本: | 21cm | |
| 丛书名: | 刘宓庆翻译论著全集 | |
| 单 册: | ||
| 中图分类: | H315.9 | |
| 科图分类: | ||
| 主题词: | 英语--翻译理论--美学理论 , 英语 , 翻译理论 , 美学理论 | |
| 电子资源: | ||
| ISBN: | 7-5001-1391-9 | |
| 000 | 01021oam2 2200313 450 | |
| 001 | 003019080 | |
| 005 | 20051228185716.0 | |
| 010 | @a7-5001-1391-9@dCNY25.50 | |
| 035 | @a003019080 | |
| 100 | @a20050119d2005 em y0chiy0110 ea | |
| 101 | 0 | @achi@aeng |
| 102 | @aCN@b110000 | |
| 105 | @ay z 000yy | |
| 106 | @ar | |
| 200 | 1 | @a翻译美学导论@Afan yi mei xue dao lun@f刘宓庆著@Fliu mi qing zhu |
| 210 | @a北京@c中国对外翻译出版公司@d2005 | |
| 215 | @a25,371页@c照片@d21cm | |
| 225 | 2 | @a刘宓庆翻译论著全集@Aliu mi qing fan yi lun zhu quan ji@v5 |
| 305 | @a书名页题:修订本 | |
| 330 | @a本书共分十章,主要内容包括英语翻译的科学性、艺术性,译学的美学渊源,翻译的审美客体,翻译艺术创造的基础层级等。 | |
| 461 | 0 | @1001003027610@12001 @a刘宓庆翻译论著全集 |
| 606 | 0 | @a英语@x翻译理论@x美学理论 |
| 606 | 0 | @a英语 |
| 606 | 0 | @a翻译理论 |
| 606 | 0 | @a美学理论 |
| 690 | @aH315.9@v4 | |
| 701 | 0 | @a刘宓庆@Aliu mi qing@f(1939~)@4著 |
| 801 | 0 | @aCN@bNLC@c20051229 |
| 905 | @dH059@e140 @f5 | |
| 翻译美学导论/刘宓庆著.-北京:中国对外翻译出版公司,2005 |
| 25,371页:照片;21cm.-(刘宓庆翻译论著全集;5) |
| ISBN 7-5001-1391-9:CNY25.50 |
| 本书共分十章,主要内容包括英语翻译的科学性、艺术性,译学的美学渊源,翻译的审美客体,翻译艺术创造的基础层级等。 |
| ● |
| 相关链接 |
|
|
|
|
正题名:翻译美学导论
索取号:H059/140
 
预约/预借
| 序号 | 登录号 | 条形码 | 馆藏地/架位号 | 状态 | 备注 |
| 1 | 0822797 | 208227970 | 第二样本阅览室/ [索取号:H059/140] | 在馆 | |
| 2 | 0822798 | 208227989 | 第四借阅区/ [索取号:H059/140] | 在馆 | |
| 3 | 0822799 | 208227998 | 第四借阅区/ [索取号:H059/140] | 在馆 | |
| 4 | 0822800 | 208228005 | 第四借阅区/ [索取号:H059/140] | 在馆 | |
| 5 | 0822801 | 208228014 | 第四借阅区/ [索取号:H059/140] | 在馆 | |
| 6 | 0853671 | 208536716 | 第四借阅区/ [索取号:H059/140] | 在馆 | |
| 7 | 0853672 | 208536725 | 第四借阅区/ [索取号:H059/140] | 在馆 | |
| 8 | 0853673 | 208536734 | 第四借阅区/ [索取号:H059/140] | 在馆 | |
| 9 | 0853674 | 208536743 | 第四借阅区/ [索取号:H059/140] | 在馆 | |
| 10 | 0853675 | 208536752 | 第四借阅区/ [索取号:H059/140] | 在馆 |